| 000 | 00697nam a22001937a 4500 | ||
|---|---|---|---|
| 005 | 20111212142221.0 | ||
| 020 |
_a9788121938297 _c99.00 |
||
| 037 | _bS. Chand Publishing | ||
| 100 |
_aLade, Roger _936841 |
||
| 245 |
_aThe most excellent book of how to be a puppeteer / _cby Roger Lade; edited by Katie Roden; illustrated by Rob Shone |
||
| 260 |
_aNew Delhi _bS. Chand Publishing _c2011 |
||
| 270 |
_a7361, Ram Nagar _bNew Delhi _e110055 |
||
| 300 |
_a32p. _bill. _c24cm(pbk) |
||
| 490 |
_aMost excellent _936842 |
||
| 700 |
_aRoden, Katie _936843 |
||
| 700 |
_a Shone, Rob _936844 |
||
| 942 |
_2ddc _cCH _mLAD |
||
| 999 |
_c59300 _d59300 |
||